00675 2200241 4500001002100000005001500021035002000036007000300056008004100059020002200100082001000122084001600132100001800148245007900166250001000245260004700255300003500302650002900337700001700366504002800383990001100411990001100422INLIS00000000000434320191030113848 a0010-1019000195ta191030 g 0 ind  a978-602-51556-8-0 a636.6 a636.6 ALZ p0 aALZENA, Resti1 aPeluang Kaya dari budi daya bebek /cAlzena Resti; penyunting, Nur Iswarso acet.1 aYogyakarta :bHijaz Pustaka Mandiri,c2018 aiv, 83 hlm. :bilus. ;c21 cm. 4aPETERNAKAN. TERNAK BEBEK0 aNUR, Iswarso aBibliografi: hlm. 82-83 a7043 a a7043 b